| 000 | 00419nmm a2200157Ia 4500 | ||
|---|---|---|---|
| 008 | 251105s9999||||xx |||||||||||||||||und|| | ||
| 041 | _aspa | ||
| 100 | _aGraham, Lynne | ||
| 245 | 0 | _aMás que venganza | |
| 264 |
_a[Madrid, España] : _bHarlequin, _c2012 |
||
| 300 | _a160 páginas | ||
| 490 | _a'Las hermans Brides' | ||
| 650 | _aRomance | ||
| 856 | _uhttps://public.digitaliapublishing.com/a/50260 | ||
| 942 | _cCF | ||
| 999 |
_c99707 _d99707 |
||